| 000 | 00393nam a22001457a 4500 | ||
|---|---|---|---|
| 020 | _a9780340676493 | ||
| 040 | _cNust | ||
| 082 |
_a620.106 _bNAK |
||
| 100 |
_aYasuki Nakayama _9127639 |
||
| 245 | _aIntroduction to Fluid Mechanics | ||
| 250 | _aRevised Edition | ||
| 260 |
_aOxford: _bButterworth-Heinemann, _c2002. |
||
| 650 |
_aIntroduction to Fluid Mechanics _9123433 |
||
| 942 |
_2ddc _cBK |
||
| 999 |
_c612708 _d612708 |
||